[Event "Recife PE22"]
[Site "Recife"]
[Date "2023.04.08"]
[Round "6"]
[White "Alves, Luiz Henrique De Ar"]
[Black "Araujo, Henrique Jose Morai"]
[Result "0-1"]
[WhiteElo "1708"]
[BlackElo "2015"]
[PlyCount "70"]
[EventDate "2023.04.05"]
[EventType "tourn"]
[EventRounds "9"]
[EventCountry "BRA"]
[SourceTitle "CBM 213 Extra"]
[Source "ChessBase"]
[SourceDate "2023.05.31"]
[SourceVersion "1"]
[SourceVersionDate "2023.05.31"]
[SourceQuality "1"]

1. d4 d5 2. c4 c6 3. Nc3 Nf6 4. e3 e6 5. Nf3 Be7 6. Bd3 0-0 7. 0-0 Nbd7 8. b3 b6 9. Bb2 Bb7 10. Rc1 Rc8 11. Qe2 Qc7 12. cxd5 exd5 13. Rfe1 Rfe8 14. h3 Qb8 15. Bb1 Bd6 16. Red1 h6 17. Qd2 Nf8 18. Bf5 Rcd8 19. Qe2 Ne6 20. Qc2 a6 21. Qb1 Nf8 22. Na4 Qa7 23. a3 N8d7 24. Nc3 Qa8 25. b4 Re7 26. Na4 a5 27. Ne5 axb4 28. Nxd7 Nxd7 29. Qc2 bxa3 30. Bxa3 Bxa3 31. Ra1 b5 32. Nc5 Nxc5 33. dxc5 b4 34. Rd4 Qb8 35. Rg4 Qe5 0-1

[Event "Recife PE22"]
[Site "Recife"]
[Date "2023.04.06"]
[Round "2"]
[White "Bouwman, Marcelo Wanderley"]
[Black "Alves, Luiz Henrique De Ar"]
[Result "1/2-1/2"]
[WhiteElo "2121"]
[BlackElo "1708"]
[PlyCount "86"]
[EventDate "2023.04.05"]
[EventType "tourn"]
[EventRounds "9"]
[EventCountry "BRA"]
[SourceTitle "CBM 213 Extra"]
[Source "ChessBase"]
[SourceDate "2023.05.31"]
[SourceVersion "1"]
[SourceVersionDate "2023.05.31"]
[SourceQuality "1"]

1. e4 c6 2. d4 d5 3. e5 c5 4. dxc5 Nc6 5. Bb5 e6 6. Be3 Nge7 7. c3 Nf5 8. Bd4 Bd7 9. a4 Qc7 10. Nf3 Be7 11. 0-0 0-0 12. Bd3 Nfxd4 13. cxd4 b6 14. cxb6 Qxb6 15. Nc3 g6 16. Bb5 a6 17. a5 Qb7 18. Bxc6 Bxc6 19. Na4 Bxa4 20. Qxa4 Qxb2 21. Rfb1 Qe2 22. Rb7 Rae8 23. Re1 Qd3 24. Re3 Qc4 25. Qxc4 dxc4 26. Rc3 Rb8 27. Rxb8 Rxb8 28. h4 Rb5 29. Rxc4 Rxa5 30. Rc7 Kf8 31. Rc8+ Kg7 32. Re8 Bb4 33. Ng5 Rd5 34. Rb8 Be7 35. Nf3 a5 36. Ra8 h6 37. g4 Bb4 38. g5 h5 39. Kg2 Bc3 40. Kg3 Bxd4 41. Nxd4 Rxd4 42. Rxa5 Rg4+ 43. Kf3 Rf4+ 1/2-1/2

[Event "Recife PE22"]
[Site "Recife"]
[Date "2023.04.05"]
[Round "1"]
[White "Alves, Luiz Henrique De Ar"]
[Black "Araujo, Jose Roberto"]
[Result "1-0"]
[WhiteElo "1708"]
[BlackElo "2012"]
[PlyCount "59"]
[EventDate "2023.04.05"]
[EventType "tourn"]
[EventRounds "9"]
[EventCountry "BRA"]
[SourceTitle "CBM 213 Extra"]
[Source "ChessBase"]
[SourceDate "2023.05.31"]
[SourceVersion "1"]
[SourceVersionDate "2023.05.31"]
[SourceQuality "1"]

1. d4 Nf6 2. c4 g6 3. Nc3 Bg7 4. e4 d6 5. Nf3 0-0 6. Be2 e5 7. 0-0 Nc6 8. Be3 Ng4 9. Bg5 f6 10. Bh4 g5 11. Bg3 Nh6 12. dxe5 fxe5 13. Qd2 Nf7 14. h3 h5 15. Nd5 Nd4 16. Nxd4 exd4 17. f4 h4 18. Bf2 c6 19. Nb4 Qa5 20. Rfd1 gxf4 21. Bxh4 Ng5 22. Nxc6 Qxd2 23. Ne7+ Kf7 24. Bh5+ Kf6 25. Rxd2 Rh8 26. Nd5+ Ke5 27. Bxg5 Rxh5 28. Bxf4+ Kxe4 29. Re1+ Kf5 30. g4+ 1-0

[Event "BRA-ch 88th"]
[Site "Recife"]
[Date "2022.12.18"]
[Round "5"]
[White "Alves, Luiz Henrique De Ar"]
[Black "Silva, Marcos V Costa Dom"]
[Result "1-0"]
[WhiteElo "1634"]
[BlackElo "1872"]
[PlyCount "95"]
[EventDate "2022.12.15"]
[EventType "swiss"]
[EventRounds "11"]
[EventCountry "BRA"]
[SourceTitle "CBM 212 Extra"]
[Source "ChessBase"]
[SourceDate "2023.03.31"]
[SourceVersion "1"]
[SourceVersionDate "2023.03.31"]
[SourceQuality "1"]

1. d4 Nf6 2. c4 g6 3. Nc3 d5 4. e3 Bg7 5. Nf3 b6 6. cxd5 Nxd5 7. Qb3 Nxc3 8. bxc3 0-0 9. Bc4 e6 10. e4 Nc6 11. Qc2 Na5 12. Bb5 c6 13. Bd3 Qc7 14. e5 Bb7 15. 0-0 c5 16. Be4 Rac8 17. Qd3 f5 18. Bxb7 Qxb7 19. Ng5 Rfe8 20. Be3 Qd5 21. Qa6 h6 22. Nf3 Nc6 23. dxc5 Nxe5 24. Nxe5 Qxe5 25. Bd4 Qc7 26. cxb6 axb6 27. Qxb6 Bxd4 28. Qxc7 Rxc7 29. cxd4 Rd8 30. Rfd1 Rc4 31. a4 Rcxd4 32. Rxd4 Rxd4 33. a5 Rd7 34. f4 Ra7 35. a6 Kf7 36. Kf2 Kf6 37. Ra5 g5 38. g3 Ke7 39. Ke3 Kd6 40. Kd4 g4 41. Ra2 e5+ 42. fxe5+ Ke6 43. Kc5 Kxe5 44. Kb6 Ra8 45. a7 f4 46. Ra5+ Ke4 47. Ra4+ Kf3 48. Rxf4+ 1-0